| 000 | 00000nam 2200000zi 4500 |
| 001 | 9.934749 |
| 003 | CaOODSP |
| 005 | 20240821134856 |
| 006 | m o d f |
| 007 | cr cn||||||||| |
| 008 | 240229s2024####onc o f000 0 tgl d |
| 020 | |a9780660704029 |
| 020 | |z9780660703947 |
| 040 | |aCaOODSP|bfre|erda|cCaOODSP |
| 043 | |an-cn--- |
| 086 | 1 |aCi4-204/2024Tgl-PDF |
| 086 | 1 |zCi4-204/2024E-PDF |
| 245 | 00|aAno ang open work permit para sa mga bulnerableng manggagawa? |
| 250 | |a[Édition en tagalog]. |
| 264 | 1|a[Ottawa] : |bImmigration, réfugiés et citoyenneté Canada = Immigration, Refugees and Citizenship Canada, |c[2024] |
| 300 | |a1 ressource en ligne (1 page) |
| 336 | |atexte|btxt|2rdacontent/fre |
| 337 | |ainformatique|bc|2rdamedia/fre |
| 338 | |aressource en ligne|bcr|2rdacarrier/fre |
| 500 | |aPublié aussi en français sous le titre: Qu’est-ce qu’un permis de travail ouvert pour les travailleurs vulnérables? |
| 500 | |a« IRCC 3668-07-2024. » |
| 500 | |aLe numéro de catalogue (Ci4-204/2024E-PDF) et ISBN (9780660703947) imprimés dans cette publication sont incorrects. |
| 546 | |aTexte en tagalog. |
| 650 | 6|aTravailleurs étrangers|xViolence envers|xPolitique gouvernementale|zCanada. |
| 650 | 6|aTravailleurs étrangers|xTravail|xPolitique gouvernementale|zCanada. |
| 710 | 1 |aCanada. |bImmigration, réfugiés et citoyenneté Canada, |eorganisme de publication. |
| 775 | 08|tQu'est-ce qu'un permis de travail ouvert pour les travailleurs vulnérables?|w(CaOODSP)9.934204 |
| 791 | |tAno ang open work permit para sa mga bulnerableng manggagawa?|eeng|w(CaOODSP)9.934215 |
| 795 | |t[Ano ang open work permit for vulnerable workers?].|w(CaOODSP)9.884903 |
| 856 | 40|qPDF|s70 Ko|uhttps://publications.gc.ca/collections/collection_2024/ircc/Ci4-204-2024-tgl.pdf |